Guess the Pixar Movie (Pictures) - Statistics

General Stats
  • This quiz has been taken 461 times
  • The average score is 14 of 16
Answer Stats
Picture Answer % Correct
Toy Story
99%
Cars
98%
Up
98%
Finding Nemo
97%
Inside Out
95%
The Incredibles
95%
Brave
91%
Coco
91%
Monsters, Inc.
90%
A Bug's Life
80%
Luca
78%
Elemental
77%
Soul
74%
Lightyear
71%
Turning Red
66%
Onward
54%
No matching quizzes found
Score Distribution
Percent of People with Each Score
Percentile by Number Answered
Your Score History
You have not taken this quiz